Alexis o el tratado del inútil combate
Tallennettuna:
| Päätekijä: | |
|---|---|
| Aineistotyyppi: | Kirja |
| Kieli: | espanja |
| Julkaistu: |
Madrid
Alfaguara
1993
|
| Painos: | 4a. ed |
| Aiheet: | |
| Tagit: |
Lisää tagi
Ei tageja, Lisää ensimmäinen tagi!
|
MARC
| LEADER | 00000cam a2200000 a 4500 | ||
|---|---|---|---|
| 001 | UCE7332 | ||
| 003 | CL-VaPUC | ||
| 008 | 150605e19930000sp |||||||||||||||||spa|d | ||
| 020 | |a 8420427071 | ||
| 082 | 0 | 4 | |a 843 |b YOU |2 21 |
| 100 | 0 | |a Yourcenar, Marguerite |e author |9 580032 | |
| 245 | 1 | 0 | |a Alexis o el tratado del inútil combate |
| 250 | |a 4a. ed | ||
| 300 | |a 165 p | ||
| 942 | |c BK | ||
| 945 | |d 20150605 14:50:00 |a dcastane | ||
| 260 | |a Madrid |b Alfaguara |c 1993 | ||
| 650 | 7 | |a NOVELAS BELGAS |2 CL-VaPUC |9 339608 | |
| 650 | 0 | |a Literatura belga |9 349579 | |
| 583 | |a last modification |c 20150605 14:50:00 |k Rodrigo Vera | ||
| 999 | |c 359433 |d 359431 | ||
| 952 | |0 0 |1 0 |3 erb |4 0 |6 843_000000000000000_YOU_1993 |7 0 |8 A |9 468624 |a BIBEDU |b BIBEDU |e Villagrán Garnham, Jorge |i 5177243 |o 843 YOU 1993 |p 5177243 |r 2019-11-23 |w 2019-11-23 |y BK |z Catalogado en:20150605 |k LIT | ||